000
00363nam a2200157Ia 4500
003
0STCL
008
150530s9999 xx 000 0 und d
040
_a
STCL
_c
STCL
100
_a
Powell,N.J; Parker,D.P
245
_a
Major aspects of American Government
260
_c
1969
546
_a
English
942
_2
ddc
_c
BK
999
_c
7320
_d
7320
005
20220125165448.0